Every Starting QB's College - Statistics

General Stats
  • This quiz has been taken 36 times
  • The average score is 26 of 32
Answer Stats
Name Team College % Correct
Shedeur Sanders Cleveland Browns Colorado
100%
Lamar Jackson Baltimore Ravens Louisville
97%
Joe Burrow Cincinnati Bengals LSU
97%
Baker Mayfield Tampa Bay Buccaneers Oklahoma
97%
Bo Nix Denver Broncos Oregon
97%
Justin Herbert LA Chargers Oregon
97%
Caleb Williams Chicago Bears USC
97%
Josh Allen Buffalo Bills Wyoming
97%
Bryce Young Carolina Panthers Alabama
94%
Trevor Lawerence Jacksonville Jaguars Clemson
94%
JJ "Nine" McCarthy Minnesota Vikings Michigan
94%
Jaxson Dart NY Giants Ole Miss
94%
Marcus Mariota Washington Commanders Oregon
94%
Cam Ward Tennessee Titans Miami
91%
Drake Maye New England Patriots North Carolina
91%
Sam Darnold Seattle Seahawks USC
91%
Brock Purdy San Francisco 49ers Iowa State
88%
CJ Stroud Houston Texans Ohio State
88%
Jalen Hurts Philadelphia Eagles Oklahoma
88%
Quinn Ewers Miami Dolphins Texas
88%
Aaron Rodgers Pittsburgh Steelers California
84%
Matt Stafford LA Rams Georgia
84%
Dak Prescott Dallas Cowboys Mississippi State
78%
Jared Goff Detroit Lions California
75%
Tyler Shough New Orleans Saints Louisville
72%
Kirk Cousins Atlanta Falcons Michigan State
69%
Jordan Love Green Bay Packers Utah State
66%
Geno Smith Las Vegas Raiders West Virginia
66%
Phillip Rivers Indianapolis Colts NC State
53%
Brady Cook NY Jets Missouri
38%
Jacoby Brissett Arizona Cardinals NC State
34%
Chris Oladokun Kansas City Chiefs South Dakota State
22%
No matching quizzes found
Score Distribution
Percent of People with Each Score
Percentile by Number Answered
Your Score History
You have not taken this quiz